000 00303nam a22001337a 4500
008 190226b xxu||||| |||| 00| 0 eng d
020 _a9781851455171
041 _aeng
080 _a701
100 _a44
101 _aART
245 _aToulouse-lautrec the complete posters
_cAsh,R
942 _2udc
_cBK
999 _c54302
_d54302